A bolsa amarela (Record no. 194928)

MARC details
000 -LÍDER
campo de controle de tamanho fixo 00308 a2200145 4500
001 - NÚMERO DE CONTROLE
campo de controle 194928
040 ## - FONTE DA CATALOGAÇÃO
Instituição que transcreveu o registro Magnum
100 ## - ENTRADA PRINCIPAL--NOME PESSOAL
Nome pessoal Nunes, Lygia Bojunga
240 10 - TÍTULO UNIFORME
Título uniforme A bolsa amarela
Idioma da obra por
245 10 - TÍTULO
Título A bolsa amarela
300 ## - DESCRIÇÃO FÍSICA
Extensão 107
362 0# - DATAS DE PUBLICAÇÃO E/OU DESIGNAÇÃO SEQUENCIAL
Datas de publicação e/ou designação sequencial 1993
697 ## - ENTRADA DE ASSUNTO LOCAL--ENTIDADE COLETIVA (RLIN)
Nome corporativo ou nome da jurisdição LITERATURA INFANTO-JUVENIL
942 ## - ELEMENTOS DE ENTRADA ADICIONADOS (KOHA)
Tipo de material Koha Livros
Holdings
Situação do descarte Situação das perdas Situação física Não pode ser emprestado Biblioteca de origem Biblioteca atual Data de aquisição Total de empréstimos Número de chamada completo Código de barras Data de último acesso Data do preço efetivo Tipo de material Koha
        Magnum Magnum 08/06/2024   869.2.1772 MAG00075623 08/06/2024 08/06/2024 Livros